Представление документа в формате MARC21

Поле Инд. ПП Название Значение
Тип записи a
Библиографический уровень m
001 Контрольный номер e2ab5970ee774022b0f20f888a7e259c
005 Дата корректировки 20241128113037.7
020 c Цена, тираж 100-00
084 a Индекс другой классификации/Индекс ББК 65
090 a Полочн. индекс К 65
c Каталожный индекс К 65
x Авторский знак Ф 18
091 i Возрастная адресация (DOS) 12+
097 b Оператор Сунагатуллина
245 10 a Заглавие Факел Таймыра
b Продолж. заглавия Корпоративный журнал АО "Норильскгазпром"
c Ответственность главный редактор Г. Замураева ; фото В. Кирпиченко
n Номер части/ раздела №2/2024
260 c Дата издания 2024
a Место издания Норильск
b Издательство [б. и.]
300 a Объем 25 с.
b Иллюстрации/ тип воспроизводства ил.
653 0_ a Ключевые слова Норникель экологическая стратегия; Большая арктическая экспедиция; экосистемы; Кузнецов К. М.; Таймыр ветераны войны
900 a Имя макрообъекта ФакелТаймыра2-241
901 t Тип документа s